000 01367aam a2200385 i 4500
001 vtls000802604
003 PNM
005 20220712101902.0
008 160421t20142020my abd e o000 0 may
015 _aM161-01457
020 _a9789675459078
_qpaperback
039 9 _a202010060858
_bAUTHORITY
_c201704111448
_dzaleha
_c201610250928
_dnor_afizah
_c201610241010
_dnor_afizah
040 _aBNM
_beng
_cBNM
_erda
_dPPAK
049 _amal
082 0 4 _223
_a364.132309595
090 0 0 _a364.132309595
_bMOH
_dG
100 0 _aMohamad Tarmize Abdul Manaf,
_eauthor.
_eeditor.
245 1 0 _aNOTA PENCEGAHAN RASUAH /
_cPenulis dan Penyunting Mohamad Tarmize Abdul Manaf
250 _aEdisi Pertama : November 2014
250 _aEdisi Kedua : November 2015
250 _aEdisi Ketiga : November 2017
250 _aEdisi Keempat : November 2018
250 _aEdisi Kelima : November 2020
264 1 _aPutrajaya :
_b[BAHAGIAN PENDIDIKAN MASYARAKAT, Suruhanjaya Pencegahan Rasuah Malaysia],
_c[2020]
264 4 _c©2014
300 _a214 pages :
_bcolour illustrations, colour maps, colour charts ;
_c14 cm
336 _atext
_2rdacontent
337 _aunmediated
_2rdamedia
338 _avolume
_2rdacarrier
650 1 0 _aCorruption
_zMalaysia
_xPrevention
650 2 0 _aCorruption
_zMalaysia
942 _2ddc
_cB
949 _62000063306
949 _62000063303
999 _c188257
_d188257